| 000 | 00542nmc a2200205 a 4500 | ||
|---|---|---|---|
| 003 | AR-X00000XY | ||
| 005 | 20251128212010.0 | ||
| 008 | 107020s1969 ||||||||||||||000 | spa|| | ||
| 040 | _cAR-X00000XY | ||
| 100 | 1 | _aSánchez, Roberto | |
| 245 | 1 | 0 | _aLas muertes blancas |
| 260 |
_aBuenos Aires _bEdiciones Dead Weight _c1969 |
||
| 300 | 0 |
_asin pag. _bláms. |
|
| 490 | 0 | _aColección Storm | |
| 500 | 0 | _aCon dedicatoria del autor a Olga Orozco | |
| 655 | _aLITERATURA | ||
| 800 | 1 | _aCanzani D., Ariel | |
| 942 | _cBK | ||
| 998 | _cmartin | ||
| 999 |
_c21995 _d21995 |
||